Statistics for Air Canada Airbus Fleet by FIN Number

Click here to take the quiz!

General Stats

  • This quiz has been taken 22 times
  • The average score is 53 of 79

Answer Stats

FINRegistration (4 Letters)% Correct
201FDQQ
100%
203FDRH
100%
204FDRK
100%
205FDRP
100%
473FLKX
100%
411FLSU
100%
416FNVV
100%
239FXCD
100%
240FZQS
100%
264FZUH
100%
268GAQL
100%
274GBHM
100%
931GFAF
100%
451GITU
100%
452GITY
100%
458GJWI
100%
459GJWN
100%
460GJWO
100%
206FDSN
75%
242FGKH
75%
461FGKN
75%
462FGKP
75%
463FGKZ
75%
408FLSS
75%
415FNVU
75%
213FTJO
75%
215FTJQ
75%
216FTJR
75%
267GAPY
75%
269GAQX
75%
270GAQZ
75%
939GEFA
75%
932GFAH
75%
453GIUB
75%
454GIUE
75%
455GIUF
75%
457GJWD
75%
222FCKR
50%
405FDCA
50%
207FDST
50%
208FDSU
50%
209FFWI
50%
210FFWJ
50%
211FFWM
50%
212FFWN
50%
241FGJI
50%
218FGYL
50%
219FGYS
50%
220FKCK
50%
221FKCO
50%
226FKOJ
50%
225FKPT
50%
232FMSX
50%
228FPDN
50%
404FPWD
50%
402FPWE
50%
217FTJS
50%
258FYJI
50%
260FYKC
50%
261FYKR
50%
238FZUB
50%
265FZUJ
50%
271GARG
50%
285GBIP
50%
940GEGC
50%
933GFAJ
50%
934GFUR
50%
935GHKR
50%
936GHKW
50%
937GHKX
50%
938GHLM
50%
235GJVT
50%
456GJVX
50%
236GKOD
50%
237GKOE
50%
401GPWG
50%
403GQCA
50%
266FZUL
25%
464FJNX
0%

Score Distribution

Percentile by Number Answered

Percent of People with Each Score

Your Score History

You have not taken this quiz